Religion and caste politics (Record no. 388659)

000 -LEADER
fixed length control field 00449cam a22001577a 4500
008 - FIXED-LENGTH DATA ELEMENTS--GENERAL INFORMATION
fixed length control field 180718b1998 xxu||||| |||| 00| 0 eng d
020 ## - INTERNATIONAL STANDARD BOOK NUMBER
International Standard Book Number 8170334689
082 ## - DEWEY DECIMAL CLASSIFICATION NUMBER
Classification number B12431x54 Ag15
100 ## - MAIN ENTRY--PERSONAL NAME
Personal name Agarwalla, Shyam Sundar
245 ## - TITLE STATEMENT
Title Religion and caste politics
Statement of responsibility, etc. by Shyam Sundar Agarwalla
260 ## - PUBLICATION, DISTRIBUTION, ETC.
Place of publication, distribution, etc. Jaipur
Name of publisher, distributor, etc. Rawat
Date of publication, distribution, etc. 1998
300 ## - PHYSICAL DESCRIPTION
Extent 308p.
650 ## - SUBJECT ADDED ENTRY--TOPICAL TERM
Topical term or geographic name entry element Caste - Religious aspects
650 ## - SUBJECT ADDED ENTRY--TOPICAL TERM
Topical term or geographic name entry element Communalism - India
650 ## - SUBJECT ADDED ENTRY--TOPICAL TERM
Topical term or geographic name entry element Secularism - India
Holdings
Withdrawn status Lost status Damaged status Not for loan Permanent Location Current Location Date acquired Full call number Barcode Date last seen Price effective from Koha item type
        Indian Institute of Public Administration Indian Institute of Public Administration 1999-03-25 B12431x54 Ag15 74119 2018-07-21 2018-07-21 Book

Powered by Koha